=LDR 00000nam 2200000 4500 =001 INLIS000000000007073 =005 20130612095129 =008 ***********************************Ind** =035 ##$$0010-061300000007073 =041 ##$$a Ind =082 ##$$a 297.9 =090 ##$$a 297.9, Roc s =100 ##$$a Rokhim, Abdul =245 ##$$a Sejarah arsitektur Islam, sebuah tinjauan, Drs. Abdul Rochym =260 ##$$a [19-?] $b Bandung =300 ##$$a xi, 169 hlm., Ilus., 21 cm =650 ##$$a Islam-Sejarah =990 ##$$a DW00025262 =990 ##$$a 8.208/Pro-85 =990 ##$$a DW00025261 =990 ##$$a DW00025262